| 000 | 00439nam a2200157 4500 | ||
|---|---|---|---|
| 001 | 131831 | ||
| 003 | ES-MaACL | ||
| 005 | 20230906194044.0 | ||
| 007 | t| | ||
| 008 | 070214s1956 sp r ||||1| spa d | ||
| 100 | 1 |
_aRoger Homs, Luis. _998936 |
|
| 245 | 1 | 0 |
_aManual práctico de refrigeración / _cLuis Roger Homs. |
| 260 |
_aBarcelona : _bSintes, _c1956. |
||
| 300 |
_a2 t. : _bil. ; _c18 cm. |
||
| 852 |
_aES-MaACL _jC-11941-2 _bR.40057 |
||
| 999 |
_c131831 _d131831 |
||